[Event "2001/2002 Women World Che"]
[Site "Moscow"]
[Date "2001.12.01"]
[Round "03"]
[White "Paehtz, Elisabeth"]
[Black "Foisor, Cristina Adela (I"]
[Result "1/2-1/2"]
[WhiteElo "2390"]
[WhiteCountry "GER"]
[BlackElo "2423"]
[BlackCountry "ROM"]
[PresId "0002030104"]

1. e4 c6 2. d4 g6 3. Nc3 d5 4. Nf3 Bg7 5. h3 Nf6 6. Bd3 dxe4 7. Nxe4
Nxe4 8. Bxe4 Bf5 9. Bxf5 Qa5+ 10. c3 Qxf5 11. Qb3 Qb5 12. Qxb5 cxb5
13. O-O O-O 14. Bg5 e6 15. Rad1 h6 16. Bh4 g5 17. Bg3 Nd7 18. Rfe1 
1/2-1/2

[Event "2001/2002 Women World Che"]
[Site "Moscow"]
[Date "2001.12.01"]
[Round "03"]
[White "Chiburdanidze, Maia (GM)"]
[Black "Ciuksyte, Dagne"]
[Result "1-0"]
[WhiteElo "2513"]
[WhiteCountry "GEO"]
[BlackElo "2255"]
[BlackCountry "LTU"]
[PresId "0002030102"]

1. d4 Nf6 2. Nf3 e6 3. e3 b6 4. Bd3 Bb7 5. O-O c5 6. c4 cxd4 7. exd4
d5 8. cxd5 Nxd5 9. Ne5 a6 10. Qf3 Qc7 11. Be4 Nc6 12. Nxc6 Bxc6 13.
Nc3 Rd8 14. Bg5 Be7 15. Bxd5 Bxd5 16. Nxd5 Rxd5 17. Rac1 Qb8 18. Bxe7
Kxe7 19. Qa3+ Qd6 20. Rc7+ Kf6 21. Qf3+ Rf5 22. Qb7 Kg6 23. Rd7 Rb8
24. Qa7 Ra8 25. Rxd6 Rxa7 26. Rxb6 Rb5 27. Rxb5 axb5 28. a3 Rd7 29.
Rd1 Rc7 30. g3 Rc2 31. b4 Rc3 32. d5 Rxa3 33. dxe6 fxe6 34. Rd6 Rb3
35. Rxe6+ Kf5 36. Re7 Kf6 37. Re4 g5 38. h4 h6 39. h5 Kf5 40. Rd4 Ke5
41. Rd7 Rxb4 42. Rh7 Rb1+ 43. Kg2 b4 44. Rxh6 Kd4 45. Rg6 Ra1 46. h6
Ra8 47. Rb6 Kc5 48. Rb7 g4 49. h7 Kc4 50. f3 gxf3+ 51. Kxf3 Rh8 52. g4
1-0

[Event "2001/2002 World Chess Cha"]
[Site "Moscow"]
[Date "2001.12.01"]
[Round "03"]
[White "Zvjaginsev, Vadim"]
[Black "Adams, Michael"]
[Result "1/2-1/2"]
[WhiteElo "2638"]
[WhiteCountry "RUS"]
[BlackElo "2744"]
[BlackCountry "ENG"]
[PresId "0001030102"]

1. Nf3 Nf6 2. c4 e6 3. Nc3 Bb4 4. g4 h6 5. Rg1 b6 6. Qb3 c5 7. a3 Bxc3
8. Qxc3 d5 9. cxd5 exd5 10. b4 d4 11. Qc2 Nbd7 12. e4 dxe3ep 13. dxe3
Bb7 14. Be2 Rc8 15. Bb2 cxb4 16. Qa4 a5 17. axb4 O-O 18. g5 hxg5 19.
Rxg5 Bc6 20. Qa3 Bxf3 21. Bxf3 axb4 22. Qxb4 Rc5 23. h4 Qc7 24. Rd1
Re8 25. Kf1 Ne5 26. Qf4 Re6 27. Bg2 Nh7 28. Rg3 Rb5 29. Qd4 Nf6 30.
Kg1 Qc2 31. Bc3 Rb1 32. Rxb1 Re7 1/2-1/2

[Event "2001/2002 Women World Che"]
[Site "Moscow"]
[Date "2001.12.01"]
[Round "03"]
[White "Peng, Zhaoqin (IM)"]
[Black "Dworakowska, Joanna"]
[Result "0-1"]
[WhiteElo "2401"]
[WhiteCountry "NED"]
[BlackElo "2350"]
[BlackCountry "POL"]
[PresId "0002030107"]

1. d4 f5 2. g3 Nf6 3. Bg2 g6 4. Nh3 Bg7 5. Nf4 Nc6 6. O-O e5 7. dxe5
Nxe5 8. c3 c6 9. b3 O-O 10. Nd2 d5 11. Bb2 g5 12. Nd3 Ng6 13. e3 f4
14. exf4 gxf4 15. c4 fxg3 16. hxg3 d4 17. b4 Ng4 18. Nf3 Be6 19. Rc1
b6 20. Re1 Bf5 21. c5 Kh8 22. Qb3 a5 23. cxb6 Qxb6 24. a3 Qb5 25. Nc5
Rad8 26. Ng5 N6e5 27. f4 d3 28. fxe5 d2 29. Nf7+ Rxf7 30. Qxf7 dxc1Q
31. Bxc1 axb4 32. Qe7 Rg8 33. Ne6 Qb6+ 34. Qc5 Qxc5+ 35. Nxc5 bxa3 36.
Bxa3 Nxe5 37. Rf1 Bg6 38. Ne6 Ra8 39. Bc5 Nd3 40. Bd6 Bh6 41. Bxc6 Ra6
42. Nd8 Bg5 43. Rf8+ Kg7 44. Ne6+ Kh6 45. Nxg5 Rxc6 46. Bf4 Kh5 47.
Nf3 Ra6 48. Nh4 0-1